01758 a2200193 45000010006000000050017000060080041000230030015000640400040000790800104001192450066002232640051002893000019003405051032003591000022013916500019014138560111014326500021015432691820260407155546.0260407a1972 arg spa dAR-UNSa-BCEJYS aAR-UNSa-BCEJYSbspacAR-UNSa-BCEJYS a347.736xQuiebra. Insolvencia. Suspensión de pagos. Bancarrota, procedimientos. Derecho Concursal10aLey de ConcursospLey 19.551, comentada, concordada y anotada 1aBuenos Aires :bVíctor P. de Zavalíac1972 a431 p.c23 cm. aA. De los concursos omerciales: Parte I: Principios generales - Parte II: Concurso preventivo: 1. Requisitos - 2. Apertura - 3. Trámite hasta la junta - 4. Contenido y votación del acuerdo preventivo - 5. Impugnación, homologación,cumplimiento y nulidad del acuerdo - 6. Disposiciones particulares para el acuredo por cesión de bienes - Parte III: Quiebra: 1. Declaración - 2. Efectos de la quiebra - 3. Extensión de la quiebra y responsabilidad de terceros - 4. Incautación, conservación y administración de los bienes - 5. Período informativo en la quiebra directa - 6. Liquidación y distribuación - 7. Conclusión dela quiebra - 8. Clausura del procedimiento - 9. Calificación de conducta del fallido y de los terceros - 10. Rehabilitación - Parte IV: Concurso por liquidación administrativa - Parte V: Disposiciones comunes: 1. Privilegios - 2. Funcionarios y empleados de los concursos - 3. Reglas procesales - B. De los concursos civiles - C. Disposiciones complementarias y transitorias.1 aLoza, Eufracio R. aLey Nº 19.55141uhttps://biblioeco.unsa.edu.ar/pmb/images/libros/Ley de Concursos-l24598.jpgyImagen de portadaqimage/jpeg a ley nº 19 551